{"text_format":"3","workbook":"xlsx","n_sheets":1,"sheets":["Sheet1"],"not_rendered":{"defined_names":1},"read":"whole","date_system":"1900"}

{"sheet":"Sheet1","index":0,"n_rows":159,"n_cols":10,"rows_kept":159,"merged":[[0,0,0,9],[1,0,1,9],[158,0,158,6]]}
["桂林技师学院耗材采购计划表"]
["汽车工程系2025-2026学年实习耗材"]
["序号","项目名称","参考品牌\n型号、规格","技术参数、性能指标要求","单位","数量","单价（元）","合计","使用教师","使用模块"]
[1,"游标卡尺","德力西 0-150mm","机械游标卡尺，0.02mm精度，45#碳钢材质。","把",8,50,{"$f":"F4*G4","v":400},"公用","考证用"]
[2,"钢直尺","0-150mm","宽20mm,厚0.7mm","把",8,5,{"$f":"F5*G5","v":40},"公用","考证用"]
[3,"塞尺","得力  0.02-1.00mm-DL9502","不锈钢材质，17件塞尺","把",8,15,{"$f":"F6*G6","v":120},"公用","考证用"]
[4,"刀口尺","上海申工 400mm 0级 刀口直尺"," 碳钢材质","把",8,200,{"$f":"F7*G7","v":1600},"公用","考证用"]
[5,"刀口尺","上海申工 200mm 0级 刀口直尺"," 碳钢材质","把",8,70,560,"公用","考证用"]
[6,"外径千分尺","上海申工  0-25mm","精度0.01mm","把",8,38,304,"公用","考证用"]
[7,"外径千分尺","上海申工  25-50mm","精度0.01mm","把",8,50,400,"公用","考证用"]
[8,"外径千分尺","上海申工  50-75mm","精度0.01mm","把",8,62,496,"公用","考证用"]
[9,"外径千分尺","上海申工  75-100mm","精度0.01mm","把",8,75,600,"公用","考证用"]
[10,"百分表","卡西洛 [升级款]精密百分表0-10mm","量表尺寸：长*宽=110*55mm,精度0.01mm,夹持杆8mm.","个",8,58,464,"公用","考证用"]
[11,"磁性表座","卡西洛  双杆表座（360度旋转）","底座：长60mm/宽50mm/高55mm；总长380mm，臂长320mm，夹持孔径8mm","个",8,45,360,"公用","考证用"]
[12,"量缸表","上海申工  测量范围：50-160mm","内径百分表精度0.01mm","套",8,180,1440,"公用","考证用"]
[13,"汽缸压力表","yizhe牌 多功能汽缸压力表  YZ-7002B","含：气压表1个、锥形接头2个、转接头4个、软管接头1个","套",8,102,816,"公用","考证用"]
[14,"机油","壳牌  蓝壳HX7 ","壳牌喜力 SN 5W-40 全合成润滑油 4L/瓶  ","瓶",24,160,3840,"公用","各模块公用"]
[15,"汽油","  92#",null,"升",360,10,3600,"公用","各模块公用"]
[16,"洗洁精","立白 1.12KG/瓶","柠檬精华.清新去油腻","瓶",30,12,360,"公用","各模块公用"]
[17,"工业风扇","钻石牌 FS500工业落地扇","280W功率，3档风速可调，铜芯电机，铝镁合金叶，加密网罩，网罩直径55CM，高130CM，配2米电线","台",10,236,2360,"公用","各模块公用"]
[18,"钮扣电池","超霸 CR2032","3V锂电池、10年有效期","粒",30,2,60,"公用","各模块公用"]
[19,"平板车脚轮万向轮","响震","5寸，重型万向轮","个",12,28,336,"公用","各模块公用"]
[20,"实训室门门牌",null,"亚克力门牌，定制学校名称，实训室名称、责任人标识可更换，280mm*190mm","个",30,30,900,"公用","各模块公用"]
[21,"防晒隔热膜","75cm*100cm/张","360度光学镜面，单向防窥，高清透视。环保PET材质，一撕就掉，无残留，不翘边","张",20,10,200,"徐兴目","汽车美容"]
[22,"防晒隔热膜","50cm*100cm/张","360度光学镜面，单向防窥，高清透视。环保PET材质，一撕就掉，无残留，不翘边","张",18,6,108,"徐兴目","汽车美容"]
[23,"大众车型机盖拉手和底座","大众","朗逸2019款，机盖拉手和底座（门内拉手），车架号：LSVAB40C3KN077058","套",1,35,35,"陈丽珍","汽车电气检修"]
[24,"朗逸前轮左右刹车分泵制动卡钳","大众","朗逸2019款，车架号：LSVAB40C3KN077058","套",6,290,1740,"陈丽珍","汽车底盘检修"]
[25,"万用表表笔","标康牌;标康P-326;通用款","标康P-326;通用款;表针线电压1000V;电流20A","副",30,15,450,"黄耀港","新能源汽车空调检修"]
[26,"汽车空调加氟管","管长1.2米;接口规格:双英1/4\"-1/4\",统称R22;管子承压:600Psi,爆破压力3000Psi;螺口材质:铜;","管长1.2米;接口规格:双英1/4\"-1/4\",统称R22;管子承压:600Psi,爆破压力3000Psi;螺口材质:铜; 一套为三根管(红/黄/蓝);R134a通用","套",6,70,420,"黄耀港","新能源汽车空调检修"]
[27,"汽车空调高低压接头","可调式高低压接头","可调高低压接头;一副为2个(一个高压,一个为低高压)","副",6,45,270,"黄耀港","新能源汽车空调检修"]
[28,"汽车空调高低压接头","直柱式高低压接头","直柱式高低压接头;一副为2个(一个高压,一个为低高压)","副",6,20,120,"黄耀港","新能源汽车空调检修"]
[29,"电工绝缘胶带","公牛牌;PVC绝缘阻燃耐高温;10米/卷;","公牛牌;PVC绝缘;阻燃;耐高温;10米/卷;","卷",20,4,80,"黄耀港","新能源汽车空调检修"]
[30,"汽车蓄电池","骆驼牌","55D26RX 6-QWLZ- (540)                         12V 60A CCA540                                                   免维护蓄电池                                            适用2019款新朗逸轿车 ","个",3,500,1500,"黄耀港","汽车维护"]
[31,"汽车钥匙专用电池","松下牌;型号:CR2025;3V","电压3V;型号:CR2025;适用2019款新朗逸;             朗逸VIN码:LSVAB40C8KN077086","粒",10,15,150,"黄耀港","新能源汽车空调检修"]
[32,"南孚2号电池","南孚牌;2号电池;LR14;1.5V","南孚牌;2号电池;LR14;1.5V","粒",4,10,40,"黄耀港","新能源汽车空调检修"]
[33,"南孚5号电池","南孚牌;5号电池;LR03;1.5V","南孚牌;5号电池;LR03;1.5V","粒",30,3,90,"黄耀港","新能源汽车空调检修"]
[34,"发电机","AGK/16011","充电电流110A;皮带轮直径54mm;电压14V","个",4,500,2000,"莫璠","汽车电器拆装"]
[35,"起动机","成都东奥汽车电器有限公司","功率1.3KW;电压12V","个",4,320,{"$f":"F38*G38","v":1280},"莫璠","汽车电器拆装"]
[36,"点火线圈","SGMW52-728-2194","车辆识别代码：LZWADAGA1KF512425                          每套：含2、3缸点火线圈，1、4缸点火线圈各1个。","套",6,400,2400,"莫璠","汽车五菱宝骏车辆"]
[37,"爆震传感器","大众朗逸",null,"个",2,60,120,"龚智媛","汽车电控发动机构造与维修"]
[38,"水温传感器","宝骏310","1.5L","个",2,36,72,"龚智媛","汽车电控发动机构造与维修"]
[39,"曲轴位置传感器","大众朗逸",null,"个",2,88,176,"龚智媛","汽车电控发动机构造与维修"]
[40,"汽油泵芯","大众朗逸","大众专用泵芯","个",2,113,226,"龚智媛","汽车电控发动机构造与维修"]
[41,"燃油泵波纹管","15厘米长度","内径8mm；白色","根",4,7,28,"龚智媛","汽车电控发动机构造与维修"]
[42,"燃油泵波纹管","20厘米长度","内径8mm；白色","根",4,7,28,"龚智媛","汽车电控发动机构造与维修"]
[43,"水管","8mm内径","汽车发动机水管水箱水管三元乙丙橡胶管","米",5,16,80,"龚智媛","汽车电控发动机构造与维修"]
[44,"水管卡箍","十字不锈钢卡箍","最小10mm-最大16mm","个",20,1.5,30,"龚智媛","汽车电控发动机构造与维修"]
[45,"排插","公牛","直板型，4插位，5米","个",1,65,65,"龚智媛","汽车电控发动机构造与维修"]
[46,"焊条","桂林焊条厂","j422   直径3.2mm","箱",10,150,1500,"郭石荣","钳工与焊工"]
[47,"锯弓配件","得力西","常规","套",100,5,500,"郭石荣","钳工与焊工"]
[48,"钢板","Q235","8x6.5x1200mm","条",60,40,2400,"郭石荣","钳工与焊工"]
[49,"焊丝","气体保护15公斤一盘","直径0.8mm","盘",10,160,1600,"郭石荣","钳工与焊工"]
[50,"焊工面罩","手把式","9号玻璃","个",30,20,600,"郭石荣","钳工与焊工"]
[51,"二氧化碳气体","常规","常规","瓶",6,150,900,"郭石荣","钳工与焊工"]
[52,"蓄电池","6-QW-45MF","适用于吉利EV450汽车、12V，45Ah,骆驼牌蓄电池","个",2,400,800,"黄怀恩","新能源汽车维修与保养"]
[53,"蓄电池","e6h-3703030A-D1JBB0","适用于比亚迪E5汽车，12V-NOMINAL VOLTAGE  重量：4.5±0.5KG  三线控制","个",2,1300,2600,"黄怀恩","新能源汽车维修与保养"]
[54,"蓄电池","理士，型号: 6-QW-45(450)L-(55B24LS)","适用于宝骏310汽车，12v，45A，免维护蓄电池","个",2,400,800,"文宪礼","汽车维护"]
[55,"蓄电池","骆驼，型号：6-QWLZ-60(570)-(L2 400)","电控发动机台架用，12v，60A，免维护蓄电池","个",4,500,2000,"文宪礼","汽车维护"]
[56,"火花塞","万孚，型号：K7RTII-10","适用于朗逸汽车，电阻型火花塞，4支装，双铱金","套",2,200,400,"文宪礼","汽车维护"]
[57,"火花塞","特耐士，型号: T-LZKR7BIX","适用于宝骏310汽车 电阻型火花塞，4支装，双铱金","套",2,148,296,"文宪礼","汽车维护"]
[58,"刹车油","Bosch/博世，DOT4 PLUS","DOT4，合成型，1升装","瓶",4,100,400,"文宪礼","汽车维护"]
[59,"机油","嘉实多极护 ","5W-40 4L  全合成机油A3/B4","瓶",4,165,660,"文宪礼","汽车维护"]
[60,"汽车改色膜","五星龙膜pvc","彩色改色膜一卷18米，宽1.5米彩色金属膜，电光镭射膜","卷",10,480,4800,"徐兴目","汽车美容"]
[61,"改色膜塑料刮板","Hamei","带磁四方刮，7cm*10cm，包边5cm白羊毛，颜色红二十个，金二十个，黑二十个","个",50,15,750,"徐兴目","汽车美容"]
[62,"光辉水蜡","SOFT99（30106）","液体车漆养护蜡，去污，上光，防氧化，护漆，液体530ml＋海绵","瓶",20,36,720,"徐兴目","汽车美容"]
[63,"打蜡海绵","舒语","专业压边打蜡海绵，黄色高2cm宽11cm饼形款，车漆内饰打蜡（十个装）","个",20,9,180,"徐兴目","汽车美容"]
[64,"檫车毛巾","皓默","超细纤维，双面加厚30*60灰黄色，正面亮黄色＋背面灰色，强力吸水不掉毛","条",60,13,780,"徐兴目","汽车美容"]
[65,"泡沫清洗剂","标榜620ml","B-1191多功能泡沫清洗剂","瓶",40,8,320,"徐兴目","汽车美容"]
[66,"PA泡沫壶","AN-RIDDLE/安瑞德","喷壶，暴雪PA壶，1L，1/4快插接口","个",4,58,232,"徐兴目","汽车美容"]
[67,"机油","壳牌 喜力Hx8 5W-40"," API：SP  A3 B4","瓶",8,200,{"$f":"F70*G70","v":1600},"段储友","发动机检测维修"]
[68,"活塞箍","不锈钢 3寸高度75mm","工作范围60mm--175mm","个",25,20,500,"段储友","发动机检测维修"]
[69,"化油器清洗剂","车仆化油器清洗剂","450ml","瓶",96,8,768,"段储友","发动机检测维修"]
[70,"进气门","大众EA211 1.5L发动机","LFV2A1BS4G4633090","个",16,20,320,"段储友","发动机检测维修"]
[71,"绝缘胶布 布的","宝信达 小卷线束胶布","绒布款2CM宽*15M长","卷",10,15,150,"段储友","发动机检测维修"]
[72,"排气门","大众EA211 1.5L发动机","LFV2A1BS4G4633090","个",16,20,320,"段储友","发动机检测维修"]
[73,"电瓶","风帆","60安","个",1,350,350,"段储友","发动机检测维修"]
[74,"星批组套","拓力士","40件套组合 内六角花键花型组合","套",2,80,160,"段储友","发动机检测维修"]
[75,"连杆瓦","EA211发动机1.5L(LSVAB40C4KN077067)","连杆标准0.00","套",4,60,240,"段储友","发动机检测维修"]
[76,"点火线圈","EA211发动机1.5L(LSVAB40C4KN077067)","博士4线","个",2,120,240,"段储友","发动机检测维修"]
[77,"曲轴大瓦","EA211发动机1.5L(LSVAB40C4KN077067)",102,"套",4,70,280,"段储友","发动机检测维修"]
[78,"缸盖螺丝","EA211发动机1.5L(LSVAB40C4KN077067)","铝缸体缸盖螺丝","颗",10,20,200,"段储友","发动机检测维修"]
[79,"气门室盖螺丝","EA211发动机1.5L(LSVAB40C4KN077067)","M6*52","颗",20,5,100,"段储友","发动机检测维修"]
[80,"活塞环","EA211发动机1.5L(LSVAB40C4KN077067)","自然吸气","套",4,80,320,"段储友","发动机检测维修"]
[81,"发动机水箱","EA211发动机1.5L(LSVAB40C4KN077067)","带有温控开关安装位置","个",1,260,260,"段储友","发动机检测维修"]
[82,"防冻液","车仆","2升装 冰点零下30度","瓶",20,20,400,"段储友","发动机检测维修"]
[83,"大转中转接头","牛享","1/2孔转3/8","个",6,8,48,"段储友","发动机检测维修"]
[84,"焊锡丝","63%焊锡量1.0mm500克",null,"卷",10,120,1200,"唐苏新","新能源电力电子"]
[85,"万能电路洞洞板","5*7cm","单面","张",100,1.8,180,"唐苏新","新能源电力电子"]
[86,"万能电路洞洞板","7*12cm","单面","张",100,4.5,450,"唐苏新","新能源电力电子"]
[87,"二极管灯","红 黄 蓝 绿 各200个","5mm","个",800,0.1,80,"唐苏新","新能源电力电子"]
[88,"三极管","8050、9012、9013、9014","直插、4种规格各200个","个",800,0.1,80,"唐苏新","新能源电力电子"]
[89,"砂纸","飞利","180#","张",50,1,50,"唐苏新","新能源电力电子"]
[90,"1/4W金属膜电阻","100Ω、1KΩ、10KΩ、100KΩ、470KΩ、2MΩ","6种规格各200个","个",1200,0.02,24,"唐苏新","新能源电力电子"]
[91,"16V电解电容","1μF、10μF、100μF、470μF","直插、4种规格各200个","个",800,0.1,80,"唐苏新","新能源电力电子"]
[92,"电烙铁头","外热式","30W、尖头","个",20,2.5,50,"唐苏新","新能源电力电子"]
[93,"电烙铁头","外热式","40W、尖头","个",40,3,120,"唐苏新","新能源电力电子"]
[94,"电烙铁发热芯","外热式","30W","个",20,3.5,70,"唐苏新","新能源电力电子"]
[95,"电烙铁发热芯","外热式","40W","个",40,4,160,"唐苏新","新能源电力电子"]
[96,"螺丝钉","M6*16","伞头大帽","粒",300,0.05,15,"唐苏新","新能源电力电子"]
[97,"黑色沙手套","白色免杀材质","打磨原子灰","付",3,100,300,"宾欣春","汽车涂装实习"]
[98,"一次性胶手套","100只一盒",null,"盒",2,55,110,"宾欣春","汽车涂装实习"]
[99,"护目镜",null,"打磨原子灰使用","个",40,9,{"$f":"F102*G102","v":360},"宾欣春","汽车涂装实习"]
[100,"天那水","NOTTAWAY若特威","能把喷涂喷枪清洗干净  18升/桶","桶",10,120,1200,"宾欣春","汽车涂装实习"]
[101,"稀释剂","AK102C","13492-1992能将漆搅拌均匀使用   4升/桶","桶",10,85,850,"宾欣春","汽车涂装实习"]
[102,"3M防尘口罩",null,"喷涂过滤好.呼吸串通","个",200,5,1000,"宾欣春","汽车涂装实习"]
[103,"刮灰刀",null,"刮涂原子灰使用","付",100,3,300,"宾欣春","汽车涂装实习"]
[104,"活碳性口罩","喷涂口罩","喷漆使用","个",60,25,1500,"宾欣春","汽车涂装实习"]
[105,"干磨砂纸","150.240.320.500.","耐磨原子灰","张",400,3,1200,"宾欣春","汽车涂装实习"]
[106,"水砂纸","150号","耐磨原子灰","张",200,1,200,"宾欣春","汽车涂装实习"]
[107,"水砂纸","240号","耐磨原子灰","张",200,1,200,"宾欣春","汽车涂装实习"]
[108,"水砂纸","320号","耐磨原子灰","张",200,1,200,"宾欣春","汽车涂装实习"]
[109,"水砂纸","400号","耐磨原子灰","张",200,1,200,"宾欣春","汽车涂装实习"]
[110,"水砂纸","1000号","耐磨原子灰","张",200,1,200,"宾欣春","汽车涂装实习"]
[111,"水砂子抛光砂纸","2000号","抛光后不能有砂纸印3m砂纸","张",100,3,300,"宾欣春","汽车涂装实习"]
[112,"合金原子灰",4380,"2公斤/件","罐",4,115,460,"宾欣春","汽车涂装实习"]
[113,"活碳性面罩","喷涂口罩","喷漆使用","个",265,2,530,"宾欣春","汽车涂装实习"]
[114,"胶手套",null,"清洗喷枪使用","付",10,15,150,"宾欣春","汽车涂装实习"]
[115,"磨灰板",null,"打磨原子灰使用","个",40,4,160,"宾欣春","汽车涂装实习"]
[116,"R134A制冷剂","大罐13.6KG","普通品牌","罐",4,600,2400,"邓懋","新能源汽车故障断与排除"]
[117,"R410制冷剂","大罐13.6KG","普通品牌","罐",2,500,1000,"邓懋","新能源汽车故障断与排除"]
[118,"化油器清洗剂","24瓶一箱","车仆","箱",4,300,1200,"邓懋","新能源汽车故障断与排除"]
[119,"高压直流电源","昊天","750V 20A 可调电源","台",1,3800,3800,"邓懋","新能源汽车故障断与排除"]
[120,"i2CP30S数字电源","i2CP30S","10合一功能全套配置","台",1,2000,2000,"邓懋","新能源汽车故障断与排除"]
[121,"IPS3608直流稳压电源","IPS3608","35V 8A输出 带短路保护","台",1,1200,1200,"邓懋","新能源汽车故障断与排除"]
[122,"新能源三电测试平台","新能源三电测试平台","压缩机充电机DCDC测试带驱动报文","台",1,4800,4800,"邓懋","新能源汽车故障断与排除"]
[123,"纽扣电池","CR2032","3V","粒",20,4,80,"宋广球","汽车钣金"]
[124,"纱手套","全棉材质",null,"双",200,2,400,"宋广球","汽车钣金"]
[125,"电焊手套","工友","牛皮手套加长耐磨","双",6,21,126,"宋广球","汽车钣金"]
[126,"二氧化碳气体","40升、压力15MPa",null,"瓶",6,104,624,"宋广球","汽车钣金"]
[127,"氩气","40升、压力15MPa",null,"瓶",2,156,312,"宋广球","汽车钣金"]
[128,"电动铁皮剪刀","东成J1J-FF-3.2","切割能力：钢板3.2mm、不锈钢2.5mm","把",2,642,1284,"宋广球","汽车钣金"]
[129,"变色镜片","真彩",null,"片",10,20,200,"宋广球","汽车钣金"]
[130,"气动锯片","中齿（24齿）",null,"片",50,6,300,"宋广球","汽车钣金"]
[131,"气动锯片","粗齿（18齿）",null,"片",50,6,{"$f":"F134*G134","v":300},"宋广球","汽车钣金"]
[132,"垫圈","M10*22*1.5","内径10mm、外径22mm、厚度1.5mm","斤",10,9.8,98,"宋广球","汽车钣金"]
[133,"垫圈","M8*18*1","内8mm、外径18mm、厚度1.5mm","斤",2,9.2,18.4,"宋广球","汽车钣金"]
[134,"砂带",null,"533mm*9mm   60#","条",300,0.7,210,"宋广球","汽车钣金"]
[135,"砂带",null,"533mm*9mm   80#","条",200,0.7,140,"宋广球","汽车钣金"]
[136,"手动变速器拆装工作台","定制","1500mm（长）×800mm（宽）×800mm（高）。面板材质：不锈钢，面板厚度：国标1.2mm，面板下铺设15mm厚免漆板；共2层，上、下层包边厚50mm，上层面板四周靠边一圈有10mm*10mm不锈钢边条，不得有弹性现象。下层距地面200mm，上、下层面板下均匀分布25*25mm方形不锈钢管不少于5根。4根脚为45*45方形不锈钢管。","个",12,1450,17400,"莫本斌/    黄怀恩","汽车底盘检修实习"]
[137,"arduino UNO R3","ATmega328单片机","Type-C 接口","个",5,20,100,"韦正","新能源汽车构造与维修"]
[138,"ESP8266物联网模块","WeMos D1","Type-C 接口","个",10,15,150,"韦正","新能源汽车构造与维修"]
[139,"MG90S舵机","全金属齿轮","180度","个",20,15,300,"韦正","新能源汽车构造与维修"]
[140,"MPU6050模块","MPU6050模块","三轴角速度传感","个",5,15,75,"韦正","新能源汽车构造与维修"]
[141,"激光聚焦透镜","焦距F300","波长915nm或950nm","个",1,180,180,"韦正","新能源汽车构造与维修"]
[142,"图像传感器",null,"ov7670","个",5,20,100,"韦正","新能源汽车构造与维修"]
[143,"MB-102面包板",null,"830孔","个",20,5,100,"韦正","新能源汽车构造与维修"]
[144,"KY-038麦克风模块",null,"KY-038麦克风模块","个",10,5,50,"韦正","新能源汽车构造与维修"]
[145,"纯电动整车实训平台","战鹏  电动标准版","\n外观尺寸:长1.8米x宽1.15米x高0.55米                 整车重量:130kg  最大承重:200kg  最高车速:80码    最大续航:70km\n电池型号:72V25AH 铅酸电池\n动力单元: 纯铜额定2kw瓦永磁同步电机               电控单元:南京远驱72450控制器+智控 APP 系统(可通过蓝牙连接手机)\n底盘规格:前后双叉臂独立悬架绞牙减震器四轮液压碟刹\n传动配置:13x6.5-6公路胎/越野胎/齿轮传动变速器(带差速器)                                                     车身颜色:橙色(车身拉花可定制选择)                                            动力表现:0-50km/h加速时间3.3秒                        离地间隙:12cm\n座椅可调:1.5米-1.9米                                 选装附件：液压手刹、彩色仪表、座椅防滚架","套",1,15600,15600,"韦正","新能源汽车构造与维修"]
[146,"燃油整车实训平台","正行  200CC","外观：蓝色      座椅：双人座位、红色                                                 发动机排量:200cc    最大扭矩：10Nkm/6000min            传动系统:链条传动   启动方式:电启动   减震:液压减震  制动器形式:液压盘式  前胎规格:23*7-10            后胎规格：22*110   轴距：1760mm  油箱:12L              整车净重：260公斤                                    最大承重：160公斤                                    最高时速：55km/h\n经济油耗:6L/100km\n长宽高:2550*1550*1550mm   \n","套",1,12740,12740,"韦正","新能源汽车构造与维修"]
[147,"火花塞测试仪","920英文版、精工品质火花塞测试仪","保护罩设计，具备：LED显示、声音提示、三孔设计、模拟转速范围200-9000R/、孔座升降、12V火花塞检测功能。输入方式：1.电源适配器（DC12V，2A）2.DC连接线输入（DC12V）","套",5,150,750,"莫雪山","汽车性能与检测"]
[148,"汽车继电器检测仪"," ANENG RT01","数显电压蓄电池检测：检测范围11V－25V；4插脚/5插脚、 12V/24V继电器多规格通用，适用线圈电阻大于20欧母，连接汽车电瓶12V供电，数显亮屏，检测提示灯：检测继电器有问题时会亮红灯，亮绿灯为良好。","套",6,36,216,"莫雪山","汽车性能与检测"]
[149,"汽车断线电子检测工具","EM415-PRO","12V蓄电池供电，带包，准确寻找汽车线路断点位置，断点处检测声音消失提示。","套",6,39,234,"莫雪山","汽车性能与检测"]
[150,"汽车喷油嘴检测仪","AERMOTOR牌  EM 288","全套、4个清洗工具，12V蓄电池供电，具有电源输入反向连接保护和输出短保护功能，可同时测试2个喷油嘴。电源线长1米，测试引线长0.5米。","套",6,105,630,"莫雪山","汽车性能与检测"]
[151,"汽车电气电路测试仪","AERMOTOR牌   EM 286","红色、多功能驱动测试笔，线长4.5米，12V直流电源，工作电压：6-24V DC，机组具有短路保护功能，可即时检测接地接触不良，可用于测试导通性、测试电压电极、检查灯、跟踪和定位短路等。","套",6,58,348,"莫雪山","汽车性能与检测"]
[152,"汽车多系统点火分析仪","OTHER牌  JH800  ","中文版、用于高压线圈检测、发动机火花塞缸线检测","套",6,338,2028,"莫雪山","汽车性能与检测"]
[153,"汽车发动机机油检测仪","MO6001","可快速检测汽车发动机机油品质","套",6,195,1170,"莫雪山","汽车性能与检测"]
[154,"汽车蓄电池检测仪"," ANENG BT171","适用于12V汽车蓄电池检测、LED灯显示，具有正负极接反提示、过压保护、报警提示功能。","套",6,26,156,"莫雪山","汽车性能与检测"]
[155,"数显式笔式万用表"," ANENG A3010","万用表+测电表二合一，专业测电、安全耐用、手电照明，电压测量量程：0-600V；具有NCV电压探测、线路断点查找、测量交流电压、零火线识别功能。","套",6,30,180,"莫雪山","汽车性能与检测"]
["合   计",{"$nulls":6},{"$f":"SUM(H4:H158)","v":{"v":145236.4,"d":"145236"}}]